|
|
|
|
| LEADER |
00000nam a22000007a 4500 |
| 005 |
20190919223242.0 |
| 007 |
cr|||| |||| |
| 008 |
190919s2019 uk |||||s|||| 00||0 eng d |
| 020 |
|
|
|a 9786202016582
|
| 035 |
|
|
|a 29461
|
| 040 |
|
|
|a vLex
|
| 090 |
|
|
|c 9596
|d 9596
|
| 100 |
1 |
|
|a Gamba, Samaila Liman
|
| 245 |
1 |
0 |
|a Approaches to International Peace and Security and its Prospects
|h [Recurso electrn̤ico] /
|c Samaila Liman Gamba
|
| 256 |
|
|
|a Servicio en ln̕ea
|
| 260 |
|
|
|a Londres:
|b Lambert Academic Publishing,
|c 2019
|
| 300 |
|
|
|a 1 recurso electrn̤ico
|
| 500 |
|
|
|a The book discussed the role of the African Union in promoting regional peace and security, the substantial requirements for establishing regional peace and security in Africa. International security and the future with specific reference to the unabated missile testing by North Korea. Also the give approaches to International peace and Security and its prospects have been discussed. Terrorism which has now assumed a dangerous trend is also key.
|
| 506 |
1 |
|
|a Disponible solo en los productos indicados
|d vLex Global
|d vLex Global (Academic Edition, excluding Law Schools)
|d vLex Global (U.S. Academic Edition, Law Schools)
|d vLex Global (U.S. Academic Edition, excluding Law Schools)
|d vLex Global (Academic Edition, Law Schools)
|
| 650 |
0 |
4 |
|a Derecho Pb︢lico y Administrativo
|z Inglaterra
|
| 740 |
0 |
|
|a vLex Libros (Servicio en ln̕ea)
|
| 856 |
4 |
0 |
|u http://vlex.com/source/29461
|z Acceso restringido
|
| 942 |
|
|
|c BOOK
|
| 999 |
0 |
|
|a Public and Administrative Law
|